| 000 | 00942nam a22003490a 4500 | ||
|---|---|---|---|
| 001 | PT51187 | ||
| 003 | AR-LpoUNG | ||
| 005 | 20210131231409.0 | ||
| 008 | 191001s2011||||xxu|||||||||||||||||eng d | ||
| 020 |
_a9781589482616 _c$57,63 |
||
| 040 |
_aAR-LpoUNG _bspa _cAR-LpoUNG _eaacr |
||
| 041 | _aeng | ||
| 044 | _axxu | ||
| 082 | 0 | _a910.011 3 544sem | |
| 100 | 1 | _aBertin, Jacques | |
| 245 | 1 | 0 |
_aSemiology of graphics : _bdiagrams : networks : maps |
| 250 | _a1ª ed. | ||
| 260 |
_aNew York : _bEsri, _c2011. |
||
| 300 |
_axv, 438 p. : _bil., gráfs., tbls. |
||
| 650 | 4 | _aANALISIS ESTADISTICO | |
| 650 | 4 | _aCARTOGRAFIA | |
| 650 | 4 | _aDISTRIBUCION GEOGRAFICA | |
| 650 | 4 | _aESTADISTICA | |
| 650 | 4 | _aGRAFICOS | |
| 650 | 4 | _aSISTEMA DE INFORMACION GEOGRAFICA | |
| 651 | 4 | _aDOCUMENTOS TEORICOS O METODOLOGICOS | |
| 653 | _aSEMIOLOGIA | ||
| 653 | _aSIG | ||
| 700 | 1 |
_aBerg, William J. _etr. |
|
| 905 | _a51187 | ||
| 942 | _cLSALA | ||
| 999 |
_c9820 _d9820 |
||